Eric Roberts Filmography - Statistics

General Stats
  • This quiz has been taken 18 times
    14 since last reset
  • The average score is 50 of 420
Answer Stats
Type Year Name % Correct
Film 2008 The Dark Knight
67%
Film 1989 Best of the Best
56%
Film 1993 Best of the Best II
44%
Film 2013 Run
44%
Film 1985 Runaway Train
44%
TV Show 1964 Another World
33%
Film 1989 Blood Red
33%
TV Show 2011 Criminal Minds: Suspect Behavior
22%
TV Show 2013-2015 CSI: Crime Scene Investigation
22%
TV Show 1997 Frasier
22%
Film 1994 Freefall
22%
TV Show 2017 Grey's Anatomy
22%
TV Pilot 2003 L.A. Confidential
22%
TV Show 2008 Law & Order: Criminal Intent
22%
TV Show 2002-2005 Less than Perfect
22%
Film 1981 Raggedy Man
22%
Film 2015 Skin Traffik
22%
Music Video 2008 Smack That
22%
Film 1983 Star 80
22%
Film 1990 The Ambulance
22%
Film 1996 The Cable Guy
22%
Film 1985 The Coca-Cola Kid
22%
Film 2010 The Expendables
22%
Film 2015 The Human Centipede 3 (Final Sequence)
22%
TV Show 2001 The King of Queens
22%
TV Show 2015 The Player
22%
Film 1984 The Pope of Greenwich Village
22%
Film 1994 The Specialist
22%
Music Video 2005 We Belong Together
22%
Film 2016 1959
11%
Film 2014 2 Bedroom 1 Bath
11%
Short Film 2017 30 Days to Say Goodbye
11%
Film 2019 79 Parts: Director's Cut
11%
Film 2019 7 Deadly Sins
11%
Film 2019 90 Feet from Home
11%
Film 2013 Abstraction
11%
Film 2014 A Cry from Within
11%
Film 2017 Actors Anonymous
11%
Film 2015 A Fatal Obsession
11%
Film 2006 A Guide to Recognizing Your Saints
11%
TV Film 2016 A Husband for Christmas
11%
Film 2018 A. I. Tales
11%
TV Film 2019 A Karate Christmas Miracle
11%
Film 2013 All American Christmas Carol
11%
Film 2017 Almost Amazing
11%
Film 2015 American Sharia
11%
Film 1996 American Strays
11%
Film 2017 Amores de Peso
11%
Film 2013 A New York Heartbeat
11%
Film 2016 A Remarkable Life
11%
Film 2013 Assault on Wall Street
11%
Film 2013 Assumed Killer
11%
Film 2013 A Talking Cat!?!
11%
Film 2016 A Trip to Jamaica
11%
Film 2006 Aurora
11%
Film 2017 Ayla: The Daughter of War
11%
Film 2018 Beautifully Broken
11%
Film 2010 Bed & Breakfast
11%
Film 2013 Before I Sleep
11%
Film 2016 Best Thanksgiving Ever
11%
Film 2013 Betrayal
11%
Film 2018 Beverly Hills Bandits
11%
Film 2017 Beyond Brotherhood
11%
Film 2012 Beyond the Trophy
11%
Music Video 2015 B***h Better Have My Money
11%
Film 2014 Bigfoot vs. D.B. Cooper
11%
Film 2019 Billboard
11%
Film 2019 Blackbear
11%
Film 2018 Black Wake
11%
Film 2007 Blizhniy Boy: The Ultimate Fighter
11%
Film 2012 Bloodwork
11%
Film 2013 Bonnie & Clyde: Justified
11%
Film 2004 Border Blues
11%
Film 2005 Break a Leg
11%
TV Show 2016 Brooklyn Nine-Nine
11%
TV Show 2012 Bullet in the Face
11%
Film 2016 Bunker: Project 12
11%
TV Show 2011 Burn Notice
11%
Film 2017 But Deliver Us from Evil
11%
Film 1991 By the Sword
11%
Film 2014 Camp Dread
11%
Film 2000 Cecil B. Demented
11%
Film 2005 Chains
11%
TV Show 2017 Changelings
11%
Film 2015 Charlie, Trevor and a Girl Savannah
11%
Film 2014 Chicks Dig Gay Guys
11%
Film 2011 Chillerama
11%
Film 2012 Christmas in Compton
11%
TV Show 2010 Chuck
11%
TV Show 2016 Code Black
11%
Film 2016 Compadres
11%
Film 2005 Confessions of an Action Star
11%
Film 2001 Con Games
11%
Film 2008 Contamination
11%
TV Show 2009 Crash
11%
Film 2009 Crimes of the Past
11%
TV Show 2005 CSI: Miami
11%
TV Film 2008 Cyclops
11%
TV Show 2005 Danny Phantom
11%
Short Film 2013 Dante's Hell Animated
11%
TV Film 1996 Dark Angel
11%
Film 2008 Dark Honeymoon
11%
TV Film 2012 Das Kind
11%
Film 2013 Day of the Gun
11%
Film 2018 Days of Power
11%
Film 1998 Dead End
11%
Film 2012 Deadline
11%
Film 2017 Deadly Sanctuary
11%
Film 2015 Dead Ringer
11%
Short Film 2015 Dead Saturday
11%
TV Show 2013 Deadtime Stories
11%
Film 2018 Deported
11%
TV Film 1990 Descending Angel
11%
Film 2006 DOA: Dead or Alive
11%
TV Film 1996 Doctor Who
11%
Music Video 2002 Down Azz Chick
11%
Music Video 2018 El Baño
11%
Film 2003 Endangered Species
11%
Film 2010 Enemies Among Us
11%
Film 2016 Enemy Within
11%
TV Show 2008 Entourage
11%
Film 2014 Eternity: The Movie
11%
Film 2016 EuroClub
11%
Film 2017 Executor
11%
Film 2017 Eyes of the Roshi
11%
Film 1999 Façade
11%
Film 2017 Fake News
11%
TV Show 2000 Falcone
11%
Film 2001 Fast Sofa
11%
TV Film 2006 Fatal Desire
11%
TV Show 2008 Fear Itself
11%
TV Show 2012 Femme Fatales
11%
Film 1992 Final Analysis
11%
Film 2005 Final Approach
11%
Film 2010 First Dog
11%
Film 2016 Five Grand
11%
Film 2015 Fractured
11%
Film 2018 Frank and Ava
11%
Film 2016 Gender Bender
11%
Film 2005 Geppetto's Secret
11%
Film 2017 Get Naked!
11%
Film 1996 Glass Cage
11%
TV Show 2014 Glee
11%
Film 2015 Golden Shoes
11%
Film 2014 Good Mourning, Lucille
11%
Film 2005 Graves End
11%
Film 2010 Groupie
11%
Film 2014 Halloween Hell
11%
Film 2013 Hansel & Gretel: Warriors of Witchcraft
11%
TV Show 2015 Hawaii Five-0
11%
Film 2018 Head Full of Honey
11%
TV Film 1999 Heaven's Fire
11%
Film 1996 Heaven's Prisoners
11%
Film 2017 Henri
11%
TV Show 2007-2010 Heroes
11%
Film 2018 Hide in the Light
11%
TV Show 2013 High Heels, Low Standards
11%
Film 1999 Hitman's Run
11%
Film 2006 Hollywood Dreams
11%
Film 2019 Hollywould
11%
TV Show 1974 How to Survive a Marriage
11%
Film 2016 Hunting Season
11%
Film 2010 Hunt to Kill
11%
TV Mini-Series 1996 In Cold Blood
11%
Film 2019 Induced Effect
11%
Film 2014 Inherent Vice
11%
Film 2019 Inside the Rain
11%
Film 2017 Intent
11%
Film 2009 In the Blink of an Eye
11%
Film 2013 In the Name of God
11%
Film 2003 Intoxicating
11%
Film 2019 IRL
11%
Music Video 2005 It's Like That
11%
Film 1996 It's My Party
11%
Film 2014 It's Not a Date
11%
Film 2019 It Wants Blood!
11%
Film 2012 iVOTE
11%
Film 2017 Jake's Road
11%
Film 2011 Jesse
11%
Film 2013 Jet Set
11%
Film 2016 JOB's Daughter
11%
Film 2016 Joker's Wild
11%
TV Show 2002 Justice League
11%
TV Show 2002 Justice League Unlimited
11%
TV Show 2014 Justified
11%
Film 2004 | 2007 Killer Weekend
11%
Film 1978 King of the Gypsies
11%
Film 2010 Kingshighway
11%
Film 2015 Ktown Cowboys
11%
Film 1998 La Cucaracha
11%
TV Film 1999 Lansky
11%
TV Show 2019 La Reina del Sur
11%
Film 2015 L.A. Slasher
11%
Film 2015 Las Vegas Story
11%
TV Show 2001 Law & Order: Special Victims Unit
11%
Film 2015 Lazarus Rising
11%
Film 2016 Leaves of the Tree
11%
Film 2014 Let the Lion Roar
11%
Film 2008 Light Years Away
11%
Film 1991 Lonely Hearts
11%
Film 2019 Lone Star Deception
11%
TV Mini-Series 2012 L'onore e il Rispetto
11%
Film 2018 Lore
11%
TV Show 2015 Lost Girl
11%
Film 1993 Love, Cheat & Steal
11%
Film 1994 Love Is a Gun
11%
Film 2013 Lovelace
11%
Film 2015 Love Me True
11%
Film 2000 Luck of the Draw
11%
Film 2017 Lux in Tenebris
11%
Short Film 1998 Making Sandwiches
11%
Short Film 2012 Mary
11%
Audio Drama 2021 Master!
11%
Audio Drama 2021 Masterful
11%
Film 2015 Maul Dogs
11%
Film 2017 Maximum Impact
11%
TV Show 2016-2020 Medinah
11%
Film 2000 Mercy Streets
11%
Film 2017 Mirror Image
11%
Music Video 2012 Miss Atomic Bomb
11%
Film 2004 Miss Cast Away and the Island Girls
11%
Film 2012 Mission: The Prophet
11%
TV Film 1983 Miss Lonelyhearts
11%
Film 2016 Moments of Clarity
11%
TV Film 2019 Monster Island
11%
Film 1997 Most Wanted
11%
Music Video 2003 Mr. Brightside
11%
TV Show 2017 My Cat from Hell
11%
Film 2003 National Security
11%
Music Video 2015 Nearly Forgot My Broken Heart
11%
Film 2018 Neron
11%
Film 2018 Never Saw It Coming
11%
TV Show 2018 New Dogs, Old Tricks
11%
Film 2019 Night Walk
11%
Film 2000 No Alibi
11%
Film 1986 Nobody's Fool
11%
Film 2015 No Deposit
11%
TV Show 2016 Non è Stato Mio Figlio
11%
Short Film 2016 Oiled Up
11%
Film 2006 One Way
11%
Film 2017 Osprey
11%
TV Show 1997 Oz
11%
TV Mini-Series 2007 Pandemic
11%
Film 2018 Papa
11%
Film 2016 Paradise Club
11%
Film 2013 Paranormal Movie
11%
Film 1996 Past Perfect
11%
TV Film 1980 Paul's Case
11%
Film 2006 Phat Girlz
11%
Film 2009 Pinkville
11%
Film 2013 Pop Star
11%
Short Film 2014 Powdered Donuts
11%
Film 1996 Power 98
11%
Film 2016 Prayer Never Fails
11%
Film 2019 Prescience
11%
Film 2009 Project Solitude
11%
Film 1996 Public Enemies
11%
TV Film 1999 Purgatory
11%
Film 2018 Q-4: Dream Corporation
11%
TV Film 2000 Race Against Time
11%
Film 2001 Raptor
11%
Audio Drama 2019 Ravenous
11%
Film 2010 Reality Star
11%
Short Film 2015 Redux
11%
Film 2015 Relentless Justice
11%
Film 1999 Restraining Order
11%
Film 2013 Revelation Road 2: The Sea of Glass and Fire
11%
Film 2013 Revelation Road: The Beginning of the End
11%
Film 2014 Revelations
11%
Film 2014 Road to the Open
11%
Film 2009 Rock Slyde
11%
Film 2015 Rock Story
11%
Film 2014 Rogue Strike
11%
TV Film 2002 Roughing It
11%
Film 2009 Royal Kill
11%
Film 1989 Rude Awakening
11%
Film 2014 Rumors of War
11%
Film 2000 Sanctimony
11%
Film 2016 Santa's Boot Camp
11%
TV Film 1995 Saved by the Light
11%
Film 2014 Scavenger Killers
11%
Short Film 2014 Scenes from Powned
11%
TV Show 2016 Scorpion
11%
Film 2014 SEAL Patrol
11%
Film 2014 Sector 4: Extraction
11%
Film 2013 Self Storage
11%
Film 1994 Sensation
11%
Film 2011 Shannon's Rainbow
11%
TV Film 2010 Sharktopus
11%
Film 2015 Sicilian Vampire
11%
Film 2012 | 2015 Silver Case
11%
Film 2013 Sink Hole
11%
Film 2007 Sister's Keeper
11%
Film 2016 Six Gun Savior
11%
Film 2004 Six: The Mark Unleashed
11%
TV Film 1986 Slow Burn
11%
Film 2016 Snare
11%
Film 2012 Snow White: A Deadly Summer
11%
Film 2018 Something
11%
Film 2016 Sorority Slaughterhouse
11%
Film 2013 So This Is Christmas
11%
Film 2013 Spanners
11%
Short Film 2005 Spit
11%
Film 2017 Spreading Darkness
11%
Film 2002 Spun
11%
TV Film 2015 Stalked by My Doctor
11%
TV Film 2019 Stalked by My Doctor: A Sleepwalker's Nightmare
11%
TV Film 2018 Stalked by My Doctor: Patient's Revenge
11%
TV Film 2016 Stalked by My Doctor: The Return
11%
Film 2014 Starcrossed
11%
Film 2016 Star Trek: Captain Pike
11%
Film 2012 Stealing Las Vegas
11%
Film 2015 Story of Eva
11%
TV Show 2014-2019 Suits
11%
Film 2019 Surge of Dawn
11%
Film 2016 Surge of Power: Revenge of the Sequel
11%
Web Series 2016 Swedish Dicks
11%
TV Show 2013 Tainted Love
11%
Film 2016 Than All Else Ever
11%
Film 2000 The Alternate
11%
TV Show 2001 The Andy Dick Show
11%
Film 2001 The Beatnicks
11%
Film 2017 The Beautiful Ones
11%
Film 2009 The Butcher
11%
Film 2009 The Chaos Experiment
11%
Film 2019 The Choice
11%
Film 2005 The Civilization of Maxwell Bright
11%
TV Show 2008 The Cleaner
11%
Film 2013 The Cloth
11%
Film 2016 The Code of Cain
11%
Film 2015 The Condemned 2
11%
Film 2012 The Dead Want Women
11%
Film 2017 The Demonic Dead
11%
Audio Drama 2019 The Diary of River Song
11%
TV Show 1996 The Drew Carey Show
11%
Short Film 2015 The Epic of Hershey
11%
Film 2019 The Evil Inside Her
11%
TV Show 2012 The Finder
11%
Film 1994 The Hard Truth
11%
Film 2013 The Hot Flashes
11%
Film 2013 The House Across the Street
11%
TV Show 1999 The Hunger
11%
Film 2018 The Immortal Wars
11%
Film 2019 The Immortal Wars: Resurgence
11%
Film 2017 The Institute
11%
Film 2000 The King's Guard
11%
Film 2004 The Last Shot
11%
Film 2003 The Long Ride Home
11%
TV Show 2006-2007 The L Word
11%
Film 2012 The Mark
11%
Film 2013 The Mark: Redemption
11%
Film 2017 The Matadors
11%
Film 1995 The Nature of the Beast
11%
Film 2012 The Night Never Sleeps
11%
TV Mini-Series 1997 The Odyssey
11%
Film 2014 The Opposite Sex
11%
Film 2018 The Perception
11%
Film 2013 The Perfect Summer
11%
Film 1998 The Prophecy II
11%
Film 2016 The Rally-LA
11%
Film 2016 The Red Maple Leaf
11%
Documentary 2015 There Is Many Like Us
11%
Film 2019 The Reliant
11%
Film 2019 The Savant
11%
Film 2016 The Sector
11%
Film 1997 The Shadow Men
11%
Film 2017 The Summoning
11%
Film 2017 The Terror of Hallow's Eve
11%
Film 2009 The Tomb
11%
Short Film 2019 The Turnaround 2
11%
Film 2019 The Unlikely Good Samaritan
11%
Short Film 2015 The Way It Melts
11%
Film 2011 The Wayshower
11%
Film 2009 The Whole Truth
11%
Film 2015 The Wicked Within
11%
Film 2015 The Wrath
11%
TV Film 2016 The Wrong Roommate
11%
TV Film 2018 The Wrong Teacher
11%
TV Show 2011 The Young and the Restless
11%
Film 2013 This Is Our Time
11%
Film 2012 This Shining Night
11%
TV Show 2019 Those Who Can't
11%
Film 2016 Through a Class Darkly
11%
Film 1997 T.N.T.
11%
TV Show 1999 Todd McFarlane's Spawn
11%
TV Show 1999 Touched by an Angel
11%
Film 2000 Tripfall
11%
Film 2017 Unbridled
11%
Film 2016 Uploaded
11%
TV Mini-Series 1990 Vendetta: Secrets of a Mafia Bride
11%
Film 2017 Victory by Submission
11%
TV Film 1993 Voyage
11%
TV Film 2001 Walking Shadow
11%
Film 2010 Westbrick Murders
11%
Film 2013 West End
11%
Film 2013 White T
11%
Film 1999 Wildflowers
11%
TV Show 2002 Witchblade
11%
Film 2002 Wolves of Wall Street
11%
Film 2012 Worth: The Testimony of St. James
11%
Film 2013 Wrong Cops
11%
Film 2002 Wrong Number
11%
Film 2015 Amityville Death Nose
0%
Film 1994 Babyfever
0%
Theater 1987-1988 Burn This
0%
TV Mini-Series 2019 Class Act
0%
Film 2014 Doc Holiday's Revenge
0%
Film 2016 Exil Exhumed
0%
Theater 1980 Mass Appeal
0%
TV Film 2001 Mindstorm
0%
Theater 1976 Rebel Women
0%
Film 2018 Rusty Touch
0%
Film 2012 The Child
0%
Theater 2002-2004 The Exonerated
0%
Theater 1983 The Glass Menagerie
0%
TV Film 2019 The Wrong Mummy
0%
Film 2008 Witness Protection
0%
No matching quizzes found
Score Distribution
Percent of People with Each Score
Percentile by Number Answered
Your Score History
You have not taken this quiz since the last reset